Познай държавите в Европа - Statistics

General Stats
  • This quiz has been taken 1 549 times
  • The average score is 23 of 45
Answers on the Map
Answers color-coded by a green-red scale on the quiz's map according to % correct below.
 
Answer Stats
Answer % Correct
Испания
77%
Италия
75%
Румъния
74%
България
71%
Франция
69%
Германия
67%
Великобритания
64%
Норвегия
61%
Украйна
59%
Гърция
59%
Русия
58%
Дания
56%
Нидерландия
55%
Финландия
54%
Ирландия
53%
Португалия
53%
Косово
52%
Австрия
52%
Албания
52%
Полша
52%
Северна Македония
52%
Сърбия
52%
Малта
51%
Хърватия
50%
Босна и Херцеговина
49%
Швеция
49%
Андора
48%
Черна гора
48%
Ватикана
47%
Сан Марино
47%
Словения
44%
Швейцария
44%
Исландия
44%
Беларус
43%
Естония
41%
Молдова
41%
Монако
40%
Словакия
39%
Чехия
39%
Литва
38%
Белгия
38%
Лихтенщайн
37%
Латвия
36%
Унгария
34%
Люксембург
33%
No matching quizzes found
Score Distribution
Percent of People with Each Score
Percentile by Number Answered
Your Score History
You have not taken this quiz